Т. 39, № 8; Химическая физика

Dades bibliogràfiques
Parent link:Химическая физика/ Российская академия наук (РАН), Отделение химии и наук о материалах РАН. Т. 39, № 8.— , 1983-
Idioma:rus
Publicat: 2020
Accés en línia:https://sciencejournals.ru/view-issue/?j=khimfiz&y=2020&v=39&n=8
https://www.elibrary.ru/contents.asp?id=43793771
Format: MixedMaterials Electrònic Llibre
KOHA link:https://koha.lib.tpu.ru/cgi-bin/koha/opac-detail.pl?biblionumber=589852

MARC

LEADER 00000nam2a2200000 4500
001 589852
005 20231101131559.0
035 |a (RuTPU)RU\TPU\prd\292568 
035 |a RU\TPU\prd\292567 
090 |a 589852 
100 |a 20230126a19829999k y0rusy50 ca 
101 0 |a rus 
102 |a RU 
181 0 |a i  
182 0 |a b 
200 0 |a Т. 39, № 8  |b Электронный ресурс 
203 |a Текст  |c электронный 
210 |d 2020 
461 1 |0 (RuTPU)RU\TPU\prd\417  |t Химическая физика  |f Российская академия наук (РАН), Отделение химии и наук о материалах РАН  |v Т. 39, № 8  |d 1983- 
801 0 |a RU  |b 63413507  |c 20010227  |g PSBO 
801 1 |a RU  |b 63413507  |c 20170904 
801 2 |a RU  |b 63413507  |c 20230126  |g RCR 
856 4 0 |u https://sciencejournals.ru/view-issue/?j=khimfiz&y=2020&v=39&n=8 
856 4 0 |u https://www.elibrary.ru/contents.asp?id=43793771 
942 |c BK